Día meteorológico mundial de 1997: condiciones meteorológicas o hidrológicas en las ciudades (Registro nro. 9167)

Detalles MARC
000 -CABECERA
Campo de control 004690000a22001570004500
090 ## - CLASIFICACIÓN LOCAL
Colección AR
Consecutivo 00065
041 0# - IDIOMA
Código de idioma para texto/pista de sonido o título separado
100 1# - ASIENTO PRINCIPAL--NOMBRE PERSONAL
Nombre personal Obasi, Godwin
245 10 - MENCION DE TITULO
Título Día meteorológico mundial de 1997: condiciones meteorológicas o hidrológicas en las ciudades
650 14 - ASIENTO SECUNDARIO DE MATERIA - TERMINO TEMATICO
Término temático o nombre geográfico como elemento de entrada Meteorología
650 14 - ASIENTO SECUNDARIO DE MATERIA - TERMINO TEMATICO
Término temático o nombre geográfico como elemento de entrada Hidrología
650 14 - ASIENTO SECUNDARIO DE MATERIA - TERMINO TEMATICO
Término temático o nombre geográfico como elemento de entrada Urbanización
650 14 - ASIENTO SECUNDARIO DE MATERIA - TERMINO TEMATICO
Término temático o nombre geográfico como elemento de entrada Desastres naturales
773 1# - Item fuente:
Título Preprint
Especificación de materiales 3
Paginas del Articulo 1-7
Lugar, editorial y fecha de publicación 1997
942 ## - ELEMENTOS ADICIONALES (KOHA)
Tipo de ítem Artículo
Existencias
Withdrawn status Lost status Sistema de Clasificación Damaged status No para préstamo Colección Ubicación Permanente Ubicación actual Fecha de adquisición Total Checkouts Número topográfico Inventario / Código de Barras Date last seen Ejemplar Price effective from Tipo de material
    Dewey Decimal Classification   No para Préstamo Hemeroteca Bogotá Bogotá 27/02/2015   AR 00065 Fuera de circulación 010290 25/03/2015 1 25/03/2015 Artículo